| 000 | 00549 a2200157 4500 | ||
|---|---|---|---|
| 020 | _a8120327780 | ||
| 040 |
_aDLC _bDLC |
||
| 082 | _a621.3822 BAN | ||
| 100 | _aBandyopadhyay, M.N. | ||
| 245 |
_aIntroduction to Singal and Systems and Digital Signal Processing _cBandyopadhyay, M.N. |
||
| 260 |
_aNew Delhi : _bPrentice Hall, _c2005 |
||
| 300 |
_axii, 383p. : _bill. ; _c25 cm. |
||
| 500 | _a Includes Index | ||
| 650 | _a 1.Signal processing --- Mathematicalmodels. 2.Transformatio(mathematical).3. System Aanalysis. | ||
| 942 |
_cBK _k621.3822 BAN _2ddc |
||
| 999 |
_c8789 _d8789 |
||